Normal view
MARC view
- Mason JC
Entry Personal Name
001 - CONTROL NUMBER
- control field: 109538
003 - CONTROL NUMBER IDENTIFIER
- control field: NUST
005 - DATE AND TIME OF LATEST TRANSACTION
- control field: 20230223180202.0
008 - FIXED-LENGTH DATA ELEMENTS
- fixed length control field: 230223|| aca||aabn | a|a d
040 ## - CATALOGING SOURCE
- Original cataloging agency: NUST
- Transcribing agency: NUST
100 ## - HEADING--PERSONAL NAME
- Personal name: Mason JC
670 ## - SOURCE DATA FOUND
- Source citation: Work cat.: (NUST)181645: Mason JC, Basic numerical mathematics /, 1977-1979.
